Arte antiguo de México
Shranjeno v:
| Glavni avtor: | |
|---|---|
| Format: | Knjiga |
| Jezik: | španščina |
| Izdano: |
Madrid
Alianza
1988
|
| Izdaja: | 1a. ed |
| Serija: | Alianza Forma, 67
|
| Teme: | |
| Oznake: |
Označite
Brez oznak, prvi označite!
|
MARC
| LEADER | 00000cam a2200000 a 4500 | ||
|---|---|---|---|
| 001 | UCE6426 | ||
| 003 | CL-VaPUC | ||
| 008 | 150409e19880000sp |||||||||||||||||spa|d | ||
| 020 | |a 8420670677 | ||
| 082 | 0 | 4 | |a 709.7201 |b WES |2 21 |
| 100 | 0 | |a Westheim, Paul |e author |9 579089 | |
| 245 | 1 | 0 | |a Arte antiguo de México |
| 250 | |a 1a. ed | ||
| 300 | |a 439 p | ||
| 942 | |c BK | ||
| 945 | |d 20150409 10:07:00 |a arojas | ||
| 260 | |a Madrid |b Alianza |c 1988 | ||
| 650 | 0 | |a Arte mexicano |9 368324 | |
| 650 | 0 | |a Arte precolombino |9 330955 | |
| 650 | 0 | |a Arte antiguo |9 330766 | |
| 650 | 0 | |a Apreciación estética |9 345969 | |
| 650 | 0 | |a Esculturas |9 344688 | |
| 650 | 7 | |a PINTURA MURAL |2 CL-VaPUC |9 267125 | |
| 650 | 0 | |a Tumbas |9 314056 | |
| 651 | 0 | |a México |9 255269 | |
| 583 | |a last modification |c 20150409 10:07:00 |k Rodrigo Vera | ||
| 490 | 0 | |a Alianza Forma, 67 | |
| 999 | |c 358758 |d 358756 | ||
| 952 | |0 0 |1 0 |3 erd |4 0 |6 709_720100000000000_WES_1988 |7 0 |8 A |9 467647 |a BIBARQ |b BIBARQ |i 5145260 |o 709.7201 WES 1988 |p 5145260 |r 2025-01-20 |w 2019-11-23 |y BK |z Catalogado en:20150409 |k ARQ | ||